Crítica del agravio moral: patologías de la sociedad contemporánea
Zapisane w:
| 1. autor: | |
|---|---|
| Format: | Książka |
| Język: | hiszpański |
| Wydane: |
Buenos Aires
Fondo de Cultura Económica
2009
|
| Seria: | Filosofía
|
| Hasła przedmiotowe: | |
| Etykiety: |
Dodaj etykietę
Nie ma etykietki, Dołącz pierwszą etykiete!
|
MARC
| LEADER | 00000nam a2200000 a 4500 | ||
|---|---|---|---|
| 001 | UCG1268 | ||
| 003 | CL-VaPUC | ||
| 008 | 100429e20090000AG |||||||||||||||||spa|d | ||
| 020 | |a 9789505578221 | ||
| 082 | 0 | 4 | |a 190 |b HON |2 21 |
| 100 | |a Honneth, Axel |e author |9 581817 | ||
| 245 | 1 | 0 | |a Crítica del agravio moral: patologías de la sociedad contemporánea |
| 300 | |a 428 p | ||
| 942 | |c BK | ||
| 945 | |d 20100429 00:00:00 |a rbrito | ||
| 260 | |a Buenos Aires |b Fondo de Cultura Económica |c 2009 | ||
| 650 | 0 | |a Filosofía contemporánea |9 265372 | |
| 583 | |a last modification |c 20100429 00:00:00 |k Rodrigo Vera | ||
| 490 | 0 | |a Filosofía | |
| 999 | |c 340674 |d 340672 | ||
| 952 | |0 0 |1 0 |4 0 |6 190_000000000000000_HON_2009 |7 0 |8 A |9 435604 |a BIBEDU |b BIBEDU |d 2019-11-22 |i 4666143 |l 4 |o 190 HON 2009 |p 4666143 |r 2024-04-29 |s 2024-04-05 |w 2019-11-22 |y BK |k FIL | ||
| 952 | |0 0 |1 0 |4 0 |6 190_000000000000000_HON_2009 |7 0 |8 A |9 435605 |a BIBEDU |b BIBEDU |d 2019-11-22 |i 4666267 |o 190 HON 2009 |p 4666267 |r 2019-11-22 |w 2019-11-22 |y BK |k PSI | ||